| 000 | 01306cam a22002777a 4500 | ||
|---|---|---|---|
| 999 |
_c14218 _d14218 |
||
| 003 | EG-ScBUE | ||
| 005 | 20200122104126.0 | ||
| 008 | 100624n ua f 000 m ara d | ||
| 040 |
_aEG-ScBUE _bara _erda _cEG-ScBUE _dEG-ScBUE |
||
| 082 | 0 | 4 |
_a892.708 _bس ع د _222 |
| 100 | 1 |
_aأبو سعدة، إبراهيم، _eمؤلف. _915225 |
|
| 245 | 1 | 2 |
_aالعقد الفريد لابن عبد ربه الأندلسي / _cاختيار إبراهيم أبو سعدة ؛ مراجعة الدكتور لطفي عبد البديع. |
| 264 | 1 |
_a[القاهرة] : _bوزارة الثقافة والإرشاد القومي : _bالمؤسسة المصرية العامة للتأليف والترجمة والطباعة والنشر، _c[تاريخ النشر غير محدد] |
|
| 300 |
_a514 صفحة ؛ _c24 سم. |
||
| 336 |
_2rdacontent _aنص _btxt |
||
| 337 |
_2rdamedia _aبدون وسيط _bn |
||
| 338 |
_2rdacarrier _aمجلد _bnc |
||
| 490 | 0 | _aمختارات من تراثنا | |
| 590 | _aAsmaa mohamed | ||
| 600 | 1 | 7 |
_aابن عبد ربه، أحمد بن محمد، _d246-328 هـ. |
| 650 | 7 |
_aالأدب العربي _vمجموعات. _2BUEsh _913570 |
|
| 653 |
_bARALIT _cJanuary2020 |
||
| 655 | _vReading book | ||
| 700 | 1 |
_aعبد البديع، لطفي، _eمراجع. _915227 |
|
| 942 |
_2ddc _cBB |
||